[Event "4NCL Online Division 5"]
[Site "online"]
[Date "2020.04.28"]
[Round "4.52"]
[White "Chilton, James I"]
[Black "Hunt, Arnold"]
[Result "1-0"]
[WhiteElo "1725"]
[BlackElo "1562"]
[PlyCount "107"]
[EventDate "2020.04.28"]
[WhiteTeam "Wessex Some Stars C"]
[BlackTeam "Battersea Pawnbreakers"]

1. d4 d5 2. c4 c6 3. e3 Nf6 4. Nc3 e6 5. a3 Nbd7 6. Nf3 Bd6 7. c5 Bc7 8. b4 O-O
9. Bb2 Re8 10. Be2 e5 11. O-O e4 12. Nd2 Nf8 13. Re1 Ng6 14. Nf1 Nh4 15. Ng3
Nf5 16. b5 g6 17. a4 Nxg3 18. hxg3 h5 19. Qd2 Bg4 20. f3 exf3 21. gxf3 Bf5 22.
f4 Qe7 23. Bf3 Bg4 24. Qg2 Qe6 25. Re2 Bh3 26. Qh1 Bg4 27. Rf1 Ne4 28. Qh4 Bxf3
29. Rxf3 Bd8 30. Qh2 Qg4 31. Qg2 Bc7 32. Nxe4 Rxe4 33. Ref2 f5 34. Bc3 Rae8 35.
Bd2 R8e6 36. Qh1 Bd8 37. Kf1 h4 38. Rh2 g5 39. gxh4 gxh4 40. Rg2 Qxg2+ 41.
Qxg2+ Kf7 42. Ke2 Rg6 43. Qh3 Rg4 44. Kd3 Re6 45. Be1 Reg6 46. Rf1 Bf6 47. Bf2
Ke6 48. Rh1 Rh6 49. Rg1 Rg2 50. Rxg2 Kf7 51. Rh2 Rg6 52. Bxh4 Bxh4 53. Qxh4 Ke6
54. Qh7 1-0

[Event "4NCL Online Division 5"]
[Site "online"]
[Date "2020.04.28"]
[Round "4.53"]
[White "Krovvidi, Raja"]
[Black "Pankaj Tomar"]
[Result "0-1"]
[WhiteElo "1495"]
[BlackElo "1525"]
[PlyCount "100"]
[EventDate "2020.04.28"]
[WhiteTeam "Battersea Pawnbreakers"]
[BlackTeam "Wessex Some Stars C"]

1. d4 e6 2. c4 d5 3. cxd5 exd5 4. g3 Nf6 5. Bg2 Be7 6. e3 b6 7. Nc3 Bb7 8. Nge2
O-O 9. Nf4 c6 10. O-O Na6 11. a3 Nc7 12. Re1 c5 13. dxc5 bxc5 14. Qb3 Rb8 15.
Qa2 d4 16. exd4 Bxg2 17. Kxg2 cxd4 18. Rd1 Qd7 19. Qc4 Ne6 20. Nxe6 Qb7+ 21.
Nd5 fxe6 22. Kg1 exd5 23. Qxd4 Qb6 24. Qe5 Rfe8 25. Be3 Bc5 26. Bxc5 Qxc5 27.
b4 Rxe5 28. bxc5 Rc8 29. Rac1 Re4 30. c6 Re6 31. Rd2 Rexc6 32. Rxc6 Rxc6 33. f4
Ra6 34. Rd3 Ra4 35. Kf2 d4 36. Kf3 Rc4 37. Kg2 Kf7 38. h4 Ke6 39. Kh3 Kf5 40.
Kg2 Ke4 41. Rb3 d3 42. Kf2 Rc2+ 43. Ke1 Ke3 44. Kd1 Ra2 45. Rb1 Rxa3 46. Ke1
Ne4 47. f5 Rc3 48. g4 d2+ 49. Kf1 Rc1+ 50. Rxc1 dxc1=Q+ 0-1

[Event "4NCL Online Division 5"]
[Site "online"]
[Date "2020.04.28"]
[Round "4.54"]
[White "Cuthbert, Larissa"]
[Black "Blackwell, David"]
[Result "1-0"]
[WhiteElo "1010"]
[BlackElo "1307"]
[PlyCount "57"]
[EventDate "2020.04.28"]
[WhiteTeam "Wessex Some Stars C"]
[BlackTeam "Battersea Pawnbreakers"]

1. e4 c5 2. Nf3 d6 3. d4 cxd4 4. Nxd4 Nf6 5. Nc3 a6 6. Be3 e6 7. Qd2 Be7 8.
O-O-O Ng4 9. h3 Nxe3 10. Qxe3 e5 11. Nf3 O-O 12. Nxe5 Nc6 13. Nxc6 bxc6 14. e5
Qc7 15. exd6 Bxd6 16. Kb1 Be6 17. g4 Rfd8 18. Bd3 Qb7 19. Qe4 g6 20. h4 Rab8
21. b3 Re8 22. Qf3 a5 23. Be4 Be5 24. Bxc6 Qc7 25. Nb5 Qe7 26. Rhe1 Qc5 27.
Bxe8 Rxb5 28. Bxb5 Bg7 29. Qa8+ 1-0

[Event "4NCL Online Division 5"]
[Site "online"]
[Date "2020.04.28"]
[Round "4.61"]
[White "Brown, Geoffrey D"]
[Black "Shah, Kian"]
[Result "0-1"]
[WhiteElo "1726"]
[BlackElo "1735"]
[PlyCount "78"]
[EventDate "2020.04.28"]
[WhiteTeam "Darnall & Handsworth"]
[BlackTeam "Chess Warriors"]

1. e4 c5 2. Nf3 d6 3. c3 Nf6 4. Be2 g6 5. O-O Bg7 6. d3 O-O 7. Bg5 Nc6 8. Qd2
d5 9. e5 Ng4 10. d4 f6 11. exf6 Nxf6 12. Bxf6 Bxf6 13. dxc5 e6 14. Na3 Qe7 15.
b4 a5 16. b5 Ne5 17. Nxe5 Bxe5 18. Nc2 Qxc5 19. Nd4 a4 20. Rab1 Bd7 21. g3 Rac8
22. Qe3 Bg7 23. Bg4 Rfe8 24. Rfc1 Qa3 25. Qd2 b6 26. Rc2 Qd6 27. Re1 Bxd4 28.
cxd4 Rxc2 29. Qxc2 Bxb5 30. Qc3 Bd7 31. Re3 b5 32. a3 Rc8 33. Qe1 Rc6 34. Qb1
Rb6 35. h4 b4 36. axb4 Rxb4 37. Qd3 Rb3 38. Qe2 Rxe3 39. fxe3 Qxg3+ 0-1

[Event "4NCL Online Division 5"]
[Site "online"]
[Date "2020.04.28"]
[Round "4.62"]
[White "Gurjar, Roshan"]
[Black "Brennan, Oliver"]
[Result "1-0"]
[WhiteElo "1712"]
[BlackElo "1712"]
[PlyCount "105"]
[EventDate "2020.04.28"]
[WhiteTeam "Chess Warriors"]
[BlackTeam "Darnall & Handsworth"]

1. e4 e5 2. Nf3 Nc6 3. Nc3 Nf6 4. Bb5 d6 5. h3 Be7 6. d3 Be6 7. Be3 O-O 8. O-O
Nd7 9. Qd2 a6 10. Ba4 b5 11. Bb3 Bxb3 12. axb3 f5 13. exf5 Rxf5 14. Nd5 Nf6 15.
Nxe7+ Nxe7 16. Qe2 Ng6 17. g4 Nf4 18. Bxf4 Rxf4 19. Nh4 Nxg4 20. Ng2 Qg5 21.
Nxf4 Ne3+ 22. Kh1 Nxf1 23. Ng2 Qf5 24. Rxf1 Qxh3+ 25. Kg1 g5 26. Qe4 Rf8 27.
Qd5+ Kh8 28. Ne3 Rf3 29. Qc6 g4 30. Qe8+ Kg7 31. Qd7+ Kh8 32. Qxg4 Rxe3 33.
Qxh3 Rxh3 34. Ra1 c5 35. Rxa6 Rh6 36. Rb6 b4 37. c3 Rg6+ 38. Kf1 Kg7 39. Rb7+
Kh6 40. cxb4 cxb4 41. Rxb4 Kg5 42. Rb7 h5 43. b4 Kg4 44. b5 h4 45. b6 d5 46.
Rb8 h3 47. b7 h2 48. Kg2 Rh6 49. Rg8+ Kf4 50. Rf8+ Kg4 51. Rg8+ Kf4 52. Rf8+
Kg4 53. Kh1 1-0

[Event "4NCL Online Division 5"]
[Site "online"]
[Date "2020.04.28"]
[Round "4.63"]
[White "Black, Robert"]
[Black "Vyas, Alisha"]
[Result "0-1"]
[WhiteElo "1577"]
[BlackElo "1675"]
[PlyCount "102"]
[EventDate "2020.04.28"]
[WhiteTeam "Darnall & Handsworth"]
[BlackTeam "Chess Warriors"]

1. b4 Nf6 2. Bb2 g6 3. c4 Bg7 4. e3 O-O 5. Qc2 d6 6. d3 Nc6 7. a3 Bf5 8. Nd2 d5
9. Ngf3 dxc4 10. Nxc4 a6 11. h3 Be6 12. Be2 Bd5 13. O-O a5 14. b5 Na7 15. a4 c6
16. bxc6 Nxc6 17. e4 Nb4 18. Qb1 Bxc4 19. dxc4 Qc7 20. Ba3 Nc6 21. Ra2 Rfd8 22.
Rb2 Rab8 23. Rb3 Nd7 24. c5 Nde5 25. Nxe5 Bxe5 26. Bb2 Rd2 27. Bb5 Bxb2 28.
Rxb2 Rxb2 29. Qxb2 Nb4 30. Qc3 Rc8 31. c6 bxc6 32. Be2 Qd6 33. Rd1 Qe6 34. f3
c5 35. Bc4 Qb6 36. Qe5 e6 37. Rd6 Qc7 38. Bb5 Rb8 39. g3 Rb7 40. Qf4 Qb8 41. h4
h5 42. Qd2 Kh7 43. Rd8 Qxg3+ 44. Qg2 Qxh4 45. Ra8 Qe1+ 46. Kh2 Qh4+ 47. Kg1 Qf6
48. Rxa5 e5 49. Ra8 Rc7 50. Bc4 Qf4 51. Bb3 Qe3+ 0-1

[Event "4NCL Online Division 5"]
[Site "online"]
[Date "2020.04.28"]
[Round "4.64"]
[White "Gurjar, Siena"]
[Black "Barker, Ian"]
[Result "1-0"]
[WhiteElo "1382"]
[BlackElo "1510"]
[PlyCount "115"]
[EventDate "2020.04.28"]
[WhiteTeam "Chess Warriors"]
[BlackTeam "Darnall & Handsworth"]

1. e4 c5 2. Nf3 d6 3. d4 cxd4 4. Nxd4 Nf6 5. Nc3 a6 6. f4 e5 7. Nf3 Bg4 8. fxe5
Bxf3 9. gxf3 dxe5 10. Qxd8+ Kxd8 11. Bg5 Be7 12. O-O-O+ Nfd7 13. Bxe7+ Kxe7 14.
Nd5+ Kf8 15. Nb6 Nxb6 16. Rd8+ Ke7 17. Rxh8 Nc6 18. Rxh7 Nd4 19. Rxg7 Rc8 20.
c3 Nxf3 21. Bh3 Rf8 22. Bg4 Nh4 23. Bh5 Nc4 24. Rf1 Nd6 25. Re1 Ng2 26. Rf1 Nf4
27. Bf3 Nc4 28. b3 Nd6 29. Rfg1 Nb5 30. Kc2 Rd8 31. a4 Nd6 32. R1g5 Kf6 33. Rg1
Rh8 34. R7g3 Rxh2+ 35. Kd1 b6 36. Bg2 Rh8 37. Bf3 b5 38. a5 Rd8 39. Kc2 Rc8 40.
Kb2 Rd8 41. Rd1 Ke7 42. Rg5 Kf6 43. Rf5+ Nxf5 44. Rxd8 Ne3 45. Rd6+ Ke7 46.
Rxa6 Nd3+ 47. Kb1 Nc5 48. Ra7+ Kd6 49. b4 Nd7 50. a6 Nb6 51. Rxf7 Nec4 52. a7
Na8 53. Rf8 Nab6 54. Be2 Nd2+ 55. Kc2 Nxe4 56. Rb8 Kc7 57. Rxb6 Kxb6 58. a8=Q
1-0

[Event "4NCL Online Division 5"]
[Site "online"]
[Date "2020.04.28"]
[Round "4.71"]
[White "Lingard, Geoffrey W"]
[Black "Burenius, Axel"]
[Result "1-0"]
[WhiteElo "1765"]
[BlackElo "1765"]
[PlyCount "115"]
[EventDate "2020.04.28"]
[WhiteTeam "Bude Surfers"]
[BlackTeam "Nottingham University 2"]

1. e4 e6 2. d4 d5 3. Nc3 Nf6 4. e5 Nfd7 5. Nf3 c5 6. dxc5 Bxc5 7. Bd3 Nc6 8.
O-O Ndxe5 9. Nxe5 Nxe5 10. Bb5+ Bd7 11. Qe2 Ng6 12. Nxd5 O-O 13. Nc3 Bxb5 14.
Qxb5 Qc7 15. Qe2 Rac8 16. Ne4 Be7 17. c3 Rfd8 18. Be3 Nf4 19. Qc2 a6 20. Rad1
Nd5 21. Ng5 g6 22. Bd2 Nb4 23. Qe4 Rxd2 24. Nxe6 Qd6 25. Rxd2 Qxd2 26. cxb4
Qxb4 27. Qe5 Bf8 28. Nxf8 Rxf8 29. h3 Qa4 30. a3 Re8 31. Qc3 Qe4 32. Rd1 Qe5
33. Rd8 Qe7 34. Rd1 Qe5 35. Qb4 b5 36. Qd2 Qe2 37. Qd4 Qe5 38. Qd7 Qe7 39. Qxe7
Rxe7 40. Kf1 Re6 41. Re1 Rxe1+ 42. Kxe1 Kg7 43. Kd2 Kf6 44. Kc3 Ke5 45. Kb4 Kd4
46. Ka5 Kc4 47. Kxa6 h5 48. Ka5 f5 49. a4 bxa4 50. Kxa4 Kc5 51. b4+ Kb6 52. Kb3
Kb5 53. Kc3 Ka4 54. Kc4 h4 55. Kc5 g5 56. b5 g4 57. b6 gxh3 58. gxh3 1-0

[Event "4NCL Online Division 5"]
[Site "online"]
[Date "2020.04.28"]
[Round "4.72"]
[White "Dabner, Tom"]
[Black "Constable, Christine F"]
[Result "1-0"]
[WhiteElo "1690"]
[BlackElo "1577"]
[PlyCount "67"]
[EventDate "2020.04.28"]
[WhiteTeam "Nottingham University 2"]
[BlackTeam "Bude Surfers"]

1. e4 g6 2. d4 Bg7 3. Nf3 d6 4. Bc4 Nf6 5. Qd3 O-O 6. O-O Nbd7 7. Nc3 c5 8. e5
dxe5 9. dxe5 Ng4 10. e6 Nde5 11. exf7+ Kh8 12. Nxe5 Bxe5 13. Qxd8 Rxd8 14. f4
Bd4+ 15. Kh1 Bf5 16. h3 Nf6 17. g4 Be4+ 18. Nxe4 Nxe4 19. Re1 Nf2+ 20. Kg2 Rd7
21. c3 Bf6 22. g5 Bg7 23. Kxf2 a6 24. Be6 Rdd8 25. Be3 b6 26. Rad1 Rd6 27. Rxd6
exd6 28. Rd1 Bf8 29. f5 Rd8 30. Bf4 a5 31. Be5+ dxe5 32. Rxd8 Kg7 33. f6+ Kh8
34. Rxf8# 1-0

[Event "4NCL Online Division 5"]
[Site "online"]
[Date "2020.04.28"]
[Round "4.73"]
[White "Constable, John"]
[Black "Kuralla, Kaushik"]
[Result "1/2-1/2"]
[WhiteElo "1562"]
[BlackElo "1585"]
[PlyCount "110"]
[EventDate "2020.04.28"]
[WhiteTeam "Bude Surfers"]
[BlackTeam "Nottingham University 2"]

1. Nf3 d5 2. c4 c6 3. g3 Nf6 4. Bg2 Bf5 5. O-O e6 6. b3 Bc5 7. d4 Bb6 8. Ba3
Nbd7 9. Nc3 Ne4 10. Nxe4 Bxe4 11. Qd2 c5 12. dxc5 Bxc5 13. Bxc5 Nxc5 14. cxd5
Qxd5 15. Qf4 O-O 16. Rfd1 Qf5 17. Qd6 b6 18. Rd2 Nb7 19. Qe5 Qxe5 20. Nxe5 Nc5
21. b4 Bxg2 22. bxc5 Bd5 23. cxb6 axb6 24. Nd7 Rfd8 25. Nxb6 Ra5 26. Nxd5 Raxd5
27. Rxd5 Rxd5 28. a4 Ra5 29. Rb1 Kf8 30. Ra1 Ke7 31. Kf1 Kd6 32. Ke1 Kc5 33.
Rb1 Kc6 34. Rc1+ Kb6 35. Rd1 Kc6 36. Rd4 e5 37. Rc4+ Rc5 38. Rxc5+ Kxc5 39. a5
Kb5 40. a6 Kxa6 41. Kd2 Kb5 42. Kd3 Kc5 43. Ke4 Kd6 44. f4 exf4 45. Kxf4 Ke6
46. e4 f6 47. g4 g5+ 48. Kf3 Ke5 49. Ke3 h6 50. h3 Kd6 51. Kd4 Ke6 52. Kd3 Ke5
53. Ke3 Kd6 54. Kd4 Ke6 55. Kd3 Ke5 1/2-1/2

[Event "4NCL Online Division 5"]
[Site "online"]
[Date "2020.04.28"]
[Round "4.74"]
[White "Litherland, Jack"]
[Black "Russell, Lloyd"]
[Result "1-0"]
[WhiteElo "1300"]
[BlackElo "1210"]
[PlyCount "31"]
[EventDate "2020.04.28"]
[WhiteTeam "Nottingham University 2"]
[BlackTeam "Bude Surfers"]

1. d4 c6 2. e4 d5 3. e5 Bf5 4. Nf3 e6 5. Nc3 c5 6. Bb5+ Nc6 7. Be3 cxd4 8. Nxd4
Rc8 9. Nxf5 exf5 10. Nxd5 a6 11. Bb6 Qg5 12. Nc7+ Rxc7 13. Bxc7 axb5 14. Qd3
Qxg2 15. O-O-O Qxf2 16. Qd7# 1-0

[Event "4NCL Online Division 5"]
[Site "online"]
[Date "2020.04.28"]
[Round "4.81"]
[White "Zhu, Hou Ning"]
[Black "Moran, Darragh"]
[Result "0-1"]
[WhiteElo "1810"]
[BlackElo "1868"]
[PlyCount "124"]
[EventDate "2020.04.28"]
[WhiteTeam "MCS Oxford Juniors"]
[BlackTeam "Gonzaga D"]

1. c4 c6 2. g3 d5 3. Bg2 dxc4 4. Nf3 Nd7 5. O-O Ngf6 6. Qc2 Nb6 7. Na3 Be6 8.
b3 cxb3 9. axb3 g6 10. Bb2 Bg7 11. Nc4 O-O 12. Na5 Bc8 13. e4 Nfd7 14. Bxg7
Kxg7 15. d4 e5 16. dxe5 Qe7 17. Qc3 Kg8 18. Rfd1 Re8 19. h4 Nc5 20. Qb4 Bg4 21.
Rac1 Ne6 22. Qxe7 Rxe7 23. Rd3 Bxf3 24. Bxf3 Kf8 25. Bg4 Rb8 26. f4 Ng7 27.
Rcd1 Ke8 28. Kf2 Ne6 29. Bxe6 Rxe6 30. Rd6 Ke7 31. Kf3 h5 32. b4 a6 33. R1d4
Rxd6 34. exd6+ Ke6 35. Nb3 Nd7 36. Na5 f6 37. Nb3 Rc8 38. Nc5+ Nxc5 39. bxc5
Ra8 40. Rb4 Rb8 41. Ke3 b5 42. Kd4 a5 43. Rb2 a4 44. Kc3 Rb7 45. Kb4 Ra7 46.
Ra2 Ra8 47. Ra3 Rg8 48. Ka5 Ra8+ 49. Kb4 Kd7 50. Re3 Re8 51. e5 f5 52. Ka5 Ke6
53. Kb6 b4 54. Kxc6 b3 55. d7 Rd8 56. Kc7 Ke7 57. c6 b2 58. Re1 a3 59. Kb7 a2
60. c7 b1=Q+ 61. Rxb1 axb1=Q+ 62. Ka6 Qd3+ 0-1

[Event "4NCL Online Division 5"]
[Site "online"]
[Date "2020.04.28"]
[Round "4.82"]
[White "Moran, Hugh"]
[Black "Kassey, Amaan"]
[Result "1-0"]
[WhiteElo "1711"]
[BlackElo "1660"]
[PlyCount "129"]
[EventDate "2020.04.28"]
[WhiteTeam "Gonzaga D"]
[BlackTeam "MCS Oxford Juniors"]

1. e4 c5 2. Nf3 Nc6 3. Bb5 e6 4. O-O Nge7 5. d4 cxd4 6. Nxd4 a6 7. Nxc6 Nxc6 8.
Bxc6 bxc6 9. e5 d6 10. exd6 Bxd6 11. Nd2 Qc7 12. h3 O-O 13. Nc4 Rd8 14. Qf3 Bb7
15. Nxd6 Qxd6 16. Be3 Qc7 17. Qg4 Qe5 18. Rfe1 Qf5 19. Qxf5 exf5 20. Rad1 h6
21. Bb6 Rd5 22. Rxd5 cxd5 23. Re7 Bc6 24. Rc7 Bb5 25. Rc5 Rb8 26. Ba5 Bd7 27.
Rxd5 Be6 28. Rd8+ Rxd8 29. Bxd8 Bxa2 30. Kf1 Bc4+ 31. Ke1 Kf8 32. b3 Bd5 33. g3
Ke8 34. Bb6 Bg2 35. h4 Bf3 36. Kd2 Kd7 37. c4 Kc6 38. Ba5 g6 39. Kc3 h5 40. Kd4
Kd6 41. b4 Bc6 42. Bb6 Ba4 43. Ba7 f6 44. Bc5+ Ke6 45. Bf8 g5 46. Kc5 f4 47.
Kb6 Bb3 48. c5 Kd7 49. c6+ Kc8 50. Kxa6 fxg3 51. fxg3 gxh4 52. gxh4 Kc7 53. b5
Bc4 54. Ka5 f5 55. Bh6 Bd5 56. Bf4+ Kc8 57. Kb6 Be4 58. Kc5 Bf3 59. b6 Be4 60.
b7+ Kd8 61. b8=Q+ Ke7 62. c7 Ke6 63. c8=Q+ Kf6 64. Qf8+ Ke6 65. Qbc8# 1-0

[Event "4NCL Online Division 5"]
[Site "online"]
[Date "2020.04.28"]
[Round "4.83"]
[White "Li, Evan"]
[Black "Murray, Sam"]
[Result "1-0"]
[WhiteElo "1435"]
[BlackElo "1613"]
[PlyCount "141"]
[EventDate "2020.04.28"]
[WhiteTeam "MCS Oxford Juniors"]
[BlackTeam "Gonzaga D"]

1. e4 e6 2. d4 d5 3. e5 c5 4. c3 Ne7 5. Nf3 Nbc6 6. Bg5 Qb6 7. Qb3 Nxd4 8. cxd4
Nc6 9. Qxb6 axb6 10. dxc5 bxc5 11. Bb5 Bd7 12. Bxc6 Bxc6 13. O-O h6 14. Bh4 g5
15. Bg3 Be7 16. Nbd2 h5 17. h3 Kd7 18. Nb3 h4 19. Bh2 Rhg8 20. g4 hxg3 21. fxg3
g4 22. Ne1 Raf8 23. h4 b6 24. Ng2 f6 25. exf6 Bxf6 26. Rab1 e5 27. Rf2 c4 28.
Nd2 e4 29. Kh1 e3 30. Nxe3 d4+ 31. Ng2 b5 32. Rbf1 Bg7 33. Rxf8 Rxf8 34. Rxf8
Bxf8 35. Kg1 b4 36. Nxc4 Bg7 37. Nf4 Be4 38. Kf2 Bb1 39. a4 bxa3 40. bxa3 Ba2
41. Nd2 Kc6 42. Ke2 Bf8 43. Bg1 d3+ 44. Kxd3 Bxa3 45. Bd4 Bc1 46. h5 Ba3 47. h6
Bg8 48. Nh5 Bh7+ 49. Ke3 Bf8 50. Bg7 Bc5+ 51. Ke2 Bg6 52. Nf6 Bd6 53. Nf1 Be5
54. Nxg4 Bd6 55. Nf6 Be5 56. Ke3 Bxf6 57. Bxf6 Bh7 58. Kf4 Kd7 59. g4 Ke8 60.
g5 Kf7 61. Kg4 Bg6 62. Nh2 Bb1 63. Nf3 Ke6 64. Nh4 Bc2 65. Bc3 Kf7 66. g6+ Bxg6
67. Nxg6 Kxg6 68. Bd2 Kf6 69. Kh5 Kf7 70. Bc3 Kg8 71. Kg6 1-0

[Event "4NCL Online Division 5"]
[Site "online"]
[Date "2020.04.28"]
[Round "4.84"]
[White "Tempany, Max"]
[Black "Masacorale, Jamie"]
[Result "1-0"]
[WhiteElo "1634"]
[BlackElo "1322"]
[PlyCount "141"]
[EventDate "2020.04.28"]
[WhiteTeam "Gonzaga D"]
[BlackTeam "MCS Oxford Juniors"]

1. e4 c5 2. Nf3 Nc6 3. d4 cxd4 4. Nxd4 g6 5. c4 Bg7 6. Be3 Nf6 7. Nc3 d6 8. Be2
Bd7 9. O-O O-O 10. Rc1 a6 11. f3 Qc7 12. Qd2 Rac8 13. a3 Na5 14. Nd5 Nxd5 15.
cxd5 Qd8 16. Rc3 Rxc3 17. Qxc3 b5 18. Rc1 Nb7 19. Qc7 Nc5 20. Qxd8 Rxd8 21. b4
Bxd4 22. Bxd4 Nb3 23. Rd1 Nxd4 24. Rxd4 Rc8 25. Rd3 Kg7 26. Kf2 f6 27. Ke3 Kf7
28. f4 f5 29. e5 Rc4 30. e6+ Bxe6 31. dxe6+ Kxe6 32. Bf3 Kf6 33. h4 a5 34. bxa5
Ra4 35. Bc6 Rxa5 36. Rb3 Ra4 37. Bxb5 Re4+ 38. Kf3 e5 39. fxe5+ dxe5 40. g3 g5
41. hxg5+ Kxg5 42. a4 h5 43. a5 h4 44. a6 hxg3 45. a7 g2 46. Kxg2 Rg4+ 47. Kf1
Rf4+ 48. Ke1 Re4+ 49. Kd2 Rd4+ 50. Kc3 Rd8 51. Bc6 Rc8 52. a8=Q Rxa8 53. Bxa8
e4 54. Kd4 Kf4 55. Re3 Kg5 56. Bxe4 fxe4 57. Kxe4 Kf6 58. Kf4 Kg6 59. Re5 Kf6
60. Ke4 Kg6 61. Rf5 Kh6 62. Kf4 Kg6 63. Kg4 Kh6 64. Rg5 Kh7 65. Kf5 Kh6 66. Kf6
Kh7 67. Rg6 Kh8 68. Rg1 Kh7 69. Rg2 Kh8 70. Kf7 Kh7 71. Rh2# 1-0

[Event "4NCL Online Division 5"]
[Site "online"]
[Date "2020.04.28"]
[Round "4.91"]
[White "Moore, Eoin"]
[Black "Millar, Stephen"]
[Result "1-0"]
[WhiteElo "1558"]
[BlackElo "1817"]
[PlyCount "109"]
[EventDate "2020.04.28"]
[WhiteTeam "Kent KJCA Kestrels D"]
[BlackTeam "St Albans 2"]

1. d4 d5 2. c4 c6 3. Nc3 Nf6 4. Nf3 e6 5. Bg5 Be7 6. cxd5 exd5 7. e3 O-O 8. Qc2
Bg4 9. Ne5 Bh5 10. Bd3 Bg6 11. Bxg6 fxg6 12. O-O Nh5 13. Bxe7 Qxe7 14. Qb3 Kh8
15. Na4 Na6 16. Nd3 Nf6 17. Nac5 Nxc5 18. Nxc5 Rab8 19. Qa4 a6 20. Qc2 Nd7 21.
b4 Nf6 22. a4 Ne4 23. Rab1 Rfe8 24. Ra1 Rbc8 25. Rfb1 Rf8 26. Nxe4 dxe4 27. Qc5
Qf7 28. Rb2 Qd5 29. Rc1 Qxc5 30. bxc5 Rf7 31. Rcb1 Rcc7 32. Kf1 Kg8 33. Ke2 Kf8
34. f3 exf3+ 35. gxf3 Ke8 36. e4 Kd8 37. Ke3 Kc8 38. Rg1 Rf6 39. f4 Rcf7 40.
Rf2 Kc7 41. a5 Re6 42. h4 Kd7 43. Rg5 Ke7 44. f5 gxf5 45. Rgxf5 Rxf5 46. Rxf5
Rg6 47. Rg5 Kf6 48. Rxg6+ Kxg6 49. d5 cxd5 50. exd5 Kf6 51. d6 Ke6 52. Ke4 Kd7
53. Ke5 Kc6 54. Ke6 b5 55. cxb6 1-0

[Event "4NCL Online Division 5"]
[Site "online"]
[Date "2020.04.28"]
[Round "4.92"]
[White "Price, Liam"]
[Black "Dorman, Orla"]
[Result "0-1"]
[WhiteElo "1712"]
[BlackElo "1464"]
[PlyCount "68"]
[EventDate "2020.04.28"]
[WhiteTeam "St Albans 2"]
[BlackTeam "Kent KJCA Kestrels D"]

1. d4 Nf6 2. c4 c5 3. Nf3 cxd4 4. Nxd4 g6 5. Nc3 Bg7 6. Bf4 d6 7. Nf3 O-O 8. e3
Nc6 9. Bd3 Qb6 10. Qd2 Nb4 11. Rb1 e5 12. Bg3 Nxd3+ 13. Qxd3 e4 14. Nxe4 Nxe4
15. O-O Bf5 16. Qa3 Nxg3 17. hxg3 Bxb1 18. Rxb1 Qc5 19. Qd3 Rac8 20. b3 Qa3 21.
Qc2 d5 22. Qe2 dxc4 23. bxc4 b6 24. Kh2 Rfd8 25. Ng5 h6 26. Nh3 Qd3 27. Qe1
Rxc4 28. f4 Qd2 29. Qf1 Rc2 30. Qf3 Qe2 31. Qe4 Rxa2 32. Rg1 Qc2 33. Qe7 Rd1
34. Rxd1 Qxg2# 0-1

[Event "4NCL Online Division 5"]
[Site "online"]
[Date "2020.04.28"]
[Round "4.93"]
[White "Chaban, Roxolana"]
[Black "Palmer, James C"]
[Result "0-1"]
[WhiteElo "1462"]
[BlackElo "1720"]
[PlyCount "104"]
[EventDate "2020.04.28"]
[WhiteTeam "Kent KJCA Kestrels D"]
[BlackTeam "St Albans 2"]

1. e4 e5 2. Nf3 Nc6 3. Bc4 Nf6 4. d4 exd4 5. e5 d5 6. Bb5 Ne4 7. Nxd4 Bd7 8.
Bxc6 bxc6 9. O-O Bc5 10. Be3 O-O 11. Nd2 Nxd2 12. Qxd2 Qe7 13. Nf3 Bg4 14. Bxc5
Qxc5 15. Qd4 Qxd4 16. Nxd4 Bd7 17. Rad1 Rab8 18. b3 c5 19. Nf3 d4 20. c3 Bb5
21. Rfe1 dxc3 22. Rc1 c4 23. bxc4 Bxc4 24. Rxc3 Bxa2 25. Rxc7 a5 26. h3 a4 27.
Ra1 Bb3 28. Nd4 h6 29. Ra3 Rfd8 30. Nc6 Rd1+ 31. Kh2 Rb6 32. f4 Rd2 33. h4 Kh7
34. Na5 Bd5 35. Nc4 Rxg2+ 36. Kh3 Rb1 37. Rg3 Rh1+ 38. Kg4 h5+ 39. Kf5 Rxg3 40.
Nb6 Be6+ 41. Ke4 a3 42. Ra7 a2 43. Nd5 Re1+ 44. Kd4 Rd1+ 45. Kc5 Bxd5 46. Rd7
a1=Q 47. Rxd5 Rxd5+ 48. Kxd5 Rg4 49. Ke4 Rxh4 50. Kf5 Qb1+ 51. Kg5 Rh2 52. e6
Qg6# 0-1

[Event "4NCL Online Division 5"]
[Site "online"]
[Date "2020.04.28"]
[Round "4.94"]
[White "Maton, Emily"]
[Black "Brightley-Davies, Ciaran"]
[Result "0-1"]
[WhiteElo "1652"]
[BlackElo "1454"]
[PlyCount "100"]
[EventDate "2020.04.28"]
[WhiteTeam "St Albans 2"]
[BlackTeam "Kent KJCA Kestrels D"]

1. g3 e6 2. c4 Nf6 3. Bg2 d5 4. cxd5 exd5 5. d4 Bb4+ 6. Bd2 Qe7 7. Bxb4 Qxb4+
8. Qd2 Nc6 9. Nf3 Bg4 10. e3 Ne4 11. Qxb4 Nxb4 12. Na3 Nd3+ 13. Ke2 Ndxf2 14.
Rhf1 Nh3 15. Nb5 O-O 16. Nxc7 Rac8 17. Rac1 Rfd8 18. Nb5 a6 19. Na3 h6 20. Rc2
Rxc2+ 21. Nxc2 Rc8 22. Na1 b5 23. a3 a5 24. Bxh3 Bxh3 25. Rd1 Bg4 26. Re1 Rc6
27. Rf1 Rf6 28. Nc2 Ng5 29. Nce1 Bh3 30. Rg1 Nxf3 31. Nxf3 Bg4 32. Rf1 Kf8 33.
Rf2 Ke7 34. b4 axb4 35. axb4 Ra6 36. Kd2 Ra2+ 37. Ke1 Ra1+ 38. Kd2 Bxf3 39.
Rxf3 Ra2+ 40. Kc3 Rxh2 41. Rf5 Ke6 42. Re5+ Kd6 43. Rf5 f6 44. Kd3 Rg2 45. Rf3
Ra2 46. Kc3 Ke6 47. Kb3 Rg2 48. Kc3 g5 49. Kd3 g4 50. Rf4 Rxg3 0-1

[Event "4NCL Online Division 5"]
[Site "online"]
[Date "2020.04.28"]
[Round "4.101"]
[White "Jackson, Edward"]
[Black "Dasgupta, Avyukt"]
[Result "1-0"]
[WhiteElo "1712"]
[BlackElo "1637"]
[PlyCount "39"]
[EventDate "2020.04.28"]
[WhiteTeam "Manchester Juniors B"]
[BlackTeam "Watford Juniors A"]

1. e4 e6 2. d4 d5 3. Nd2 dxe4 4. Nxe4 Bd7 5. Nf3 Bc6 6. Bd3 Nd7 7. O-O Ngf6 8.
Nxf6+ Nxf6 9. c3 b6 10. Bg5 Bd6 11. Re1 O-O 12. Ne5 Bb7 13. h3 h6 14. Bh4 Be7
15. Bc2 Nd5 16. Qd3 Nf6 17. Bxf6 g6 18. Nxg6 Bxf6 19. Ne7+ Bxe7 20. Qh7# 1-0

[Event "4NCL Online Division 5"]
[Site "online"]
[Date "2020.04.28"]
[Round "4.102"]
[White "Nagda, Maanav"]
[Black "Jayawarna, Tarini"]
[Result "0-1"]
[WhiteElo "1592"]
[BlackElo "1520"]
[PlyCount "92"]
[EventDate "2020.04.28"]
[WhiteTeam "Watford Juniors A"]
[BlackTeam "Manchester Juniors B"]

1. d4 Nf6 2. Nc3 d5 3. Bg5 Nbd7 4. e3 g6 5. Nf3 Bg7 6. Bd3 O-O 7. O-O c5 8. Qd2
Qc7 9. Bf4 Qd8 10. Rfe1 e6 11. Rad1 Nh5 12. Bg3 Nxg3 13. hxg3 c4 14. Be2 f5 15.
Rc1 b6 16. a3 Bb7 17. Rcd1 Nf6 18. Ne5 Ne4 19. Nxe4 fxe4 20. Ng4 Qc7 21. Qb4
Rf7 22. Qd2 Raf8 23. Rf1 h5 24. Nh2 e5 25. c3 exd4 26. exd4 Qe7 27. Rc1 Bc8 28.
Bd1 Kh7 29. Rc2 Bh6 30. Qe2 e3 31. fxe3 Bxe3+ 32. Kh1 Bf5 33. Re1 Bxc2 34. Bxc2
Re8 35. Qxh5+ Kg8 36. Qxg6+ Rg7 37. Qh5 Rg5 38. Qh3 Qf7 39. Nf3 Rh5 40. Nh4 Qf2
41. Qg4+ Rg5 42. Qd1 Qxg3 43. Rxe3 Qxh4+ 44. Rh3 Re1+ 45. Kh2 Qf4+ 46. g3 Qf2#
0-1

[Event "4NCL Online Division 5"]
[Site "online"]
[Date "2020.04.28"]
[Round "4.103"]
[White "Fairclough, William"]
[Black "Morrell, Sean"]
[Result "0-1"]
[WhiteElo "1412"]
[BlackElo "1607"]
[PlyCount "84"]
[EventDate "2020.04.28"]
[WhiteTeam "Manchester Juniors B"]
[BlackTeam "Watford Juniors A"]

1. e4 e6 2. Nc3 d5 3. d4 Nf6 4. Bg5 Be7 5. exd5 Nxd5 6. Nxd5 Bxg5 7. Ne3 Bxe3
8. fxe3 Qh4+ 9. g3 Qe4 10. Nf3 Qxe3+ 11. Be2 Nc6 12. Qd3 Qxd3 13. Bxd3 O-O 14.
O-O-O b6 15. Be4 Bb7 16. Rhe1 Rad8 17. d5 exd5 18. Bxd5 h6 19. Bxc6 Bxc6 20.
Nd4 Bd7 21. Re5 Rfe8 22. Rd5 Bg4 23. Rxd8 Rxd8 24. Rd2 a6 25. a4 Re8 26. b4 Kh7
27. b5 axb5 28. Nxb5 Re7 29. Rd4 f5 30. Rc4 c5 31. Nd6 Re6 32. Nc8 g5 33. Kb2
Be2 34. Rc3 f4 35. Rb3 f3 36. Ra3 f2 37. Ra1 Ba6 38. Na7 Re1 39. Ra2 f1=Q 40.
a5 Rb1+ 41. Kc3 Qc4+ 42. Kd2 Qd4# 0-1